[Event "22ème Open de Saint-Affrique"]
[Site "Saint Affrique (12)"]
[Date "2014.07.21"]
[Round "4.47"]
[White "Libiszewski, Christian"]
[Black "Zachary, Bastian"]
[Result "1-0"]
[WhiteElo "1640"]
[BlackElo "1360"]
[PlyCount "91"]
[EventDate "2014.??.??"]
[Source "Sylvain Rivier"]
[SourceDate "2014.07.26"]

1. e4 e5 2. Nf3 Nc6 3. Bc4 Nf6 4. d3 Bc5 5. O-O d6 6. c3 O-O 7. Bb3 Bg4 8. Nbd2
d5 9. Re1 dxe4 10. dxe4 Qd3 11. Bc2 Bxf3 12. Bxd3 Bxd1 13. Rxd1 Rad8 14. Bc2
Ng4 15. Rf1 Rd7 16. h3 Nxf2 17. Rxf2 Bxf2+ 18. Kxf2 Rfd8 19. Nf3 f6 20. Be3 a6
21. Ke2 Na5 22. Rd1 Rxd1 23. Bxd1 Kh8 24. b3 b5 25. g4 g5 26. h4 h6 27. hxg5
hxg5 28. Nh2 Kg7 29. Nf1 Rh8 30. Ng3 Rh2+ 31. Bf2 Nb7 32. Ke3 c5 33. Be2 Nd6
34. Nf5+ Nxf5+ 35. gxf5 Kf8 36. c4 bxc4 37. Bxc4 Rh3+ 38. Ke2 Rh2 39. Bxa6 g4
40. Kf1 Rh1+ 41. Kg2 Ra1 42. Bxc5+ Ke8 43. a4 Rc1 44. b4 Rxc5 45. bxc5 Kd7 46.
Bb5+ 1-0

[Event "22ème Open de Saint-Affrique"]
[Site "Saint Affrique (12)"]
[Date "2014.07.21"]
[Round "4.48"]
[White "Blanchon, Pascal"]
[Black "Cellier-Valencia, Baptiste"]
[Result "1-0"]
[WhiteElo "1637"]
[BlackElo "1347"]
[PlyCount "85"]
[EventDate "2014.??.??"]
[Source "Sylvain Rivier"]
[SourceDate "2014.07.26"]

1. e4 c5 2. Nf3 Nc6 3. d4 cxd4 4. Nxd4 g6 5. c4 Bg7 6. Be3 Qb6 7. Nb3 Qc7 8.
Qd2 Nf6 9. f3 O-O 10. Nc3 Rd8 11. Rc1 e6 12. Nb5 Qe5 13. Bf4 Qh5 14. Nc7 Rb8
15. Qe3 e5 16. Bg5 h6 17. Bxf6 Bxf6 18. Qf2 Qg5 19. h4 Qf4 20. g3 Bxh4 21. Rxh4
Qf6 22. Rxh6 Qd6 23. Nd5 Nb4 24. Qh2 Nxd5 25. cxd5 Qf6 26. Qh4 Qxh4 27. Rxh4
Kg7 28. d6 b6 29. Rh2 Bb7 30. Rc7 a5 31. Bb5 Bc6 32. Bxc6 dxc6 33. Rxc6 a4 34.
Nc1 Rbc8 35. Rhc2 Rb8 36. Nd3 Rh8 37. Nxe5 Rh1+ 38. Kd2 Rbh8 39. Rc7 R8h2+ 40.
Kc3 Rxc2+ 41. Kxc2 Rh2+ 42. Kc3 Rh1 43. Rxf7+ 1-0

[Event "22ème Open de Saint-Affrique"]
[Site "Saint Affrique (12)"]
[Date "2014.07.21"]
[Round "4.49"]
[White "Bernard, Anthony"]
[Black "Achard-Rozan, Celian"]
[Result "1-0"]
[WhiteElo "1636"]
[BlackElo "1330"]
[PlyCount "73"]
[EventDate "2014.??.??"]
[Source "Sylvain Rivier"]
[SourceDate "2014.07.26"]

1. e4 e5 2. Nf3 Nc6 3. Bc4 Bc5 4. O-O d6 5. h3 Nf6 6. d3 h6 7. Be3 Bb6 8. Qd2
O-O 9. Nc3 Be6 10. Bb3 Qd7 11. Ne2 Rfe8 12. Ng3 Ne7 13. Nh4 c6 14. Bxh6 g6 15.
Nf3 Nh7 16. Ng5 Bxb3 17. axb3 f6 18. Nxh7 Kxh7 19. Be3 d5 20. Bxb6 axb6 21. f4
Rxa1 22. Rxa1 dxe4 23. Nxe4 Rf8 24. Kh1 Qf5 25. fxe5 fxe5 26. Qg5 Qxg5 27.
Nxg5+ Kh6 28. Ne4 Nf5 29. Rf1 Kg7 30. c3 c5 31. Ra1 Ne3 32. Ra7 Rf1+ 33. Kh2
Re1 34. Rxb7+ Kh6 35. g4 Re2+ 36. Kg3 Rxb2 37. g5+ 1-0

[Event "22ème Open de Saint-Affrique"]
[Site "Saint Affrique (12)"]
[Date "2014.07.21"]
[Round "4.51"]
[White "Boyd, Christopher"]
[Black "Del Valle, Clemence"]
[Result "0-1"]
[WhiteElo "1367"]
[BlackElo "1627"]
[PlyCount "38"]
[EventDate "2014.??.??"]
[Source "Sylvain Rivier"]
[SourceDate "2014.07.26"]

1. c4 e5 2. g3 Bc5 3. Bg2 Nf6 4. Nc3 O-O 5. e3 Re8 6. Nge2 c6 7. O-O d6 8. d4
exd4 9. exd4 Bb4 10. Bf4 Bg4 11. f3 Bf5 12. a3 Bxc3 13. Nxc3 Na6 14. Bg5 h6 15.
Bxf6 Qxf6 16. f4 Nc7 17. b4 Qe6 18. c5 Qe3+ 19. Kh1 Qxc3 {suite illisible} 0-1

[Event "22ème Open de Saint-Affrique"]
[Site "Saint Affrique (12)"]
[Date "2014.07.21"]
[Round "4.52"]
[White "Nguyen, Noam"]
[Black "Meyer, Eric"]
[Result "0-1"]
[WhiteElo "1350"]
[BlackElo "1622"]
[PlyCount "21"]
[EventDate "2014.??.??"]
[Source "Sylvain Rivier"]
[SourceDate "2014.07.26"]

1. c4 Nf6 2. Nc3 e6 3. g3 c6 4. Bg2 d5 5. cxd5 exd5 6. Nf3 Nbd7 7. O-O Bd6 8.
d3 O-O 9. Bg5 Qc7 10. a3 a5 11. a4 {suite illisible} 0-1

[Event "22ème Open de Saint-Affrique"]
[Site "Saint Affrique (12)"]
[Date "2014.07.21"]
[Round "4.53"]
[White "Leblic, Pierre"]
[Black "Grimault, Lou"]
[Result "1-0"]
[WhiteElo "1620"]
[BlackElo "1317"]
[PlyCount "80"]
[EventDate "2014.??.??"]
[Source "Sylvain Rivier"]
[SourceDate "2014.07.26"]

1. e4 e6 2. d4 d5 3. Nc3 Bb4 4. e5 c5 5. a3 Bxc3+ 6. bxc3 Nc6 7. h4 cxd4 8.
cxd4 f6 9. Qg4 Qc7 10. exf6 Nxf6 11. Qd1 Bd7 12. c3 O-O-O 13. Nf3 e5 14. Be2
Bf5 15. O-O h6 16. Be3 Ne4 17. Qb3 Rhe8 18. Rfd1 exd4 19. Bxd4 Nxc3 20. Qxc3
Rxe2 21. Bxg7 Qb6 22. Bd4 Qa6 23. Ne5 Kb8 24. Nxc6+ Qxc6 25. Bxa7+ Ka8 26. Qa5
Rg8 27. Be3+ Kb8 28. Bf4+ Kc8 29. Qa8+ Kd7 30. Qxg8 Qf6 31. Qxd5+ Ke7 32. Qd6+
Qxd6 33. Bxd6+ Kf6 34. Bf4 Kg6 35. Re1 Rc2 36. Rac1 Rb2 37. Rc7 b5 38. Rce7 Rc2
39. R1e5 Rc6 40. Rxb5 Bd3 {suite illisible} 1-0

[Event "22ème Open de Saint-Affrique"]
[Site "Saint Affrique (12)"]
[Date "2014.07.21"]
[Round "4.54"]
[White "Galy, Christian"]
[Black "Denechaud, Bernard"]
[Result "0-1"]
[WhiteElo "1314"]
[BlackElo "1596"]
[PlyCount "77"]
[EventDate "2014.??.??"]
[Source "Sylvain Rivier"]
[SourceDate "2014.07.26"]

1. d4 d5 2. e3 e6 3. Bd3 Nf6 4. Nd2 c5 5. c3 Nc6 6. f4 cxd4 7. exd4 Bd6 8. Nf1
Qc7 9. Ng3 Bd7 10. Nh3 Ne7 11. Qc2 h6 12. O-O O-O-O 13. Rf3 Rdg8 14. Qe2 g6 15.
Bd2 Nf5 16. Nf2 Nh4 17. Ng4 Nxf3+ 18. Qxf3 Nxg4 19. Qxg4 e5 20. Qf3 e4 21. Nxe4
dxe4 22. Bxe4 f5 23. Bd3 Bc6 24. Qf2 Be4 25. Bxe4 fxe4 26. d5 Re8 27. Be3 Rhf8
28. g3 b6 29. Qd2 Bc5 30. Re1 Bxe3+ 31. Rxe3 Qd6 32. Qd4 Rf7 33. Rxe4 Rfe7 34.
Rxe7 Rxe7 35. Qh8+ Kd7 36. Qxh6 Qxd5 37. Qxg6 Re1+ 38. Kf2 Qd2+ 39. Kf3 0-1

[Event "22ème Open de Saint-Affrique"]
[Site "Saint Affrique (12)"]
[Date "2014.07.21"]
[Round "4.55"]
[White "Soblechero, Hugo"]
[Black "Cellier-Valencia, Lucie"]
[Result "1-0"]
[WhiteElo "1575"]
[BlackElo "1312"]
[PlyCount "64"]
[EventDate "2014.??.??"]
[Source "Sylvain Rivier"]
[SourceDate "2014.07.26"]

1. d4 d5 2. Bf4 Bf5 3. Nf3 Nf6 4. e3 a6 5. c3 e6 6. Nbd2 Nbd7 7. Be2 h6 8. Qb3
Nb6 9. a4 a5 10. Ne5 c6 11. O-O Bd6 12. Nxf7 Kxf7 13. Bxd6 Qxd6 14. Qxb6 Rhb8
15. Nf3 Ng4 16. h3 Nf6 17. Ne5+ Kg8 18. c4 Ra6 19. Qb3 Qd8 20. Qd1 Ne4 21. cxd5
Qg5 22. Nf3 Qg6 23. Nh4 Qg5 24. Nxf5 Qxf5 25. Bxa6 bxa6 26. dxc6 Rf8 27. Qe2 h5
28. c7 Rc8 29. Rac1 Qf7 30. Qxa6 Rxc7 31. Rxc7 Qxc7 32. Qa8+ Kh7 {suite
illisible} 1-0

[Event "22ème Open de Saint-Affrique"]
[Site "Saint Affrique (12)"]
[Date "2014.07.21"]
[Round "4.56"]
[White "Zachary, Caroline"]
[Black "Casasnovas, Vincent"]
[Result "0-1"]
[WhiteElo "1307"]
[BlackElo "1562"]
[PlyCount "76"]
[EventDate "2014.??.??"]
[Source "Sylvain Rivier"]
[SourceDate "2014.07.26"]

1. d4 d6 2. Bf4 Nf6 3. Nf3 Bg4 4. e3 Nbd7 5. Be2 c6 6. h3 Bxf3 7. Bxf3 Qc7 8.
O-O e5 9. Bg5 Be7 10. Bxf6 Nxf6 11. dxe5 dxe5 12. e4 Rd8 13. Qe2 O-O 14. Nc3
Bb4 15. Qe3 b6 16. a3 Be7 17. Rad1 Bc5 18. Qe2 Bd4 19. Rd3 Rd7 20. Bg4 Nxg4 21.
Qxg4 Rd6 22. Rfd1 Rg6 23. Qf3 Rf6 24. Qg4 Bxf2+ 25. Kh1 Bd4 26. Ne2 Rg6 27. Qf5
Rf6 28. Qg4 Re6 29. Nxd4 exd4 30. Rxd4 c5 31. Rd5 h6 32. c4 g6 33. Rd7 Qb8 34.
Rxf7 Kxf7 35. Rd7+ Re7 36. Qf3+ Ke8 37. Rxe7+ Kxe7 38. Qe2 Qe5 0-1

[Event "22ème Open de Saint-Affrique"]
[Site "Saint Affrique (12)"]
[Date "2014.07.21"]
[Round "4.57"]
[White "Alfonso, Jonathan"]
[Black "Brin-Vervat, Emma"]
[Result "0-1"]
[WhiteElo "1099"]
[BlackElo "1541"]
[PlyCount "74"]
[EventDate "2014.??.??"]
[Source "Sylvain Rivier"]
[SourceDate "2014.07.26"]

1. e4 e5 2. Nf3 Nc6 3. d4 exd4 4. Nxd4 Bc5 5. Be3 Be7 6. Nc3 d6 7. Bb5 Bd7 8.
O-O Nf6 9. Qd2 O-O 10. Rae1 Ne5 11. Bxd7 Qxd7 12. Nf5 a6 13. Bd4 Rfe8 14. Qg5
Ng6 15. Nxe7+ Qxe7 16. e5 dxe5 17. Bxe5 Nxe5 18. Rxe5 Qxe5 19. Qxe5 Rxe5 20. h4
Rae8 21. Kh2 Re1 22. Rxe1 Rxe1 23. Kg3 Rc1 24. a4 Rxc2 25. Nd1 c5 26. Kh3 Rd2
27. Ne3 Rxb2 28. g4 Ra2 29. Nd5 Rxa4 30. Nb6 Ra1 31. Kg3 Ra3+ 32. Kg2 Nxg4 33.
Nd7 c4 34. Nc5 c3 35. Kg3 c2+ 36. Kxg4 c1=Q 37. Nxb7 Qc8+ {suite illisible} 0-1

[Event "22ème Open de Saint-Affrique"]
[Site "Saint Affrique (12)"]
[Date "2014.07.21"]
[Round "4.58"]
[White "Mouton, Aline"]
[Black "Antos, Claude"]
[Result "1-0"]
[WhiteElo "1010"]
[BlackElo "1499"]
[PlyCount "43"]
[EventDate "2014.??.??"]
[Source "Sylvain Rivier"]
[SourceDate "2014.07.26"]

1. d4 e6 2. c4 Nc6 3. Nc3 e5 4. e3 exd4 5. exd4 Nxd4 6. Qxd4 c5 7. Qe4+ Be7 8.
Bf4 Nf6 9. Qf5 Bd6 10. O-O-O Bxf4+ 11. Qxf4 O-O 12. Nf3 b6 13. Bd3 h6 14. g4 g5
15. Qf5 d6 16. Nd5 Bxf5 17. Bxf5 Rb8 18. h4 b5 19. hxg5 h5 20. Nxf6+ Kh8 21.
Rxh5+ Kg7 22. Rh7# 1-0

[Event "22ème Open de Saint-Affrique"]
[Site "Saint Affrique (12)"]
[Date "2014.07.21"]
[Round "4.59"]
[White "Fosse, Jean-Claude"]
[Black "Barascud, Rebecca"]
[Result "1-0"]
[WhiteElo "1465"]
[BlackElo "1020"]
[PlyCount "85"]
[EventDate "2014.??.??"]
[Source "Sylvain Rivier"]
[SourceDate "2014.07.26"]

1. e4 e5 2. Nf3 Nc6 3. Bb5 Nf6 4. d3 Bc5 5. O-O O-O 6. c3 d5 7. exd5 Nxd5 8.
Bxc6 bxc6 9. Nxe5 Qd6 10. d4 Bb6 11. Nd2 f6 12. Nec4 Qe7 13. Re1 Qf7 14. Nxb6
cxb6 15. Ne4 Qe6 16. c4 Nb4 17. b3 f5 18. Nc3 Qg6 19. Bf4 Bb7 20. g3 Rad8 21.
a3 Na6 22. Re7 Rf7 23. Rxf7 Qxf7 24. Be5 c5 25. d5 Re8 26. f4 Nb8 27. Nb5 Qg6
28. Nxa7 Nd7 29. Qe2 Qf7 30. Nb5 Qe7 31. Re1 Ba6 32. Nc7 Bxc4 33. bxc4 Rc8 34.
d6 Qe6 35. Nd5 Ra8 36. Nc7 Qh6 37. Nxa8 g5 38. fxg5 Qxg5 39. Bf4 Qd8 40. Qe8+
Qxe8 41. Rxe8+ Kf7 42. Re7+ Kg6 43. Rxd7 1-0

[Event "22ème Open de Saint-Affrique"]
[Site "Saint Affrique (12)"]
[Date "2014.07.21"]
[Round "4.60"]
[White "Durand, Joris"]
[Black "Marie, Olivier"]
[Result "0-1"]
[WhiteElo "1330"]
[BlackElo "1633"]
[PlyCount "92"]
[EventDate "2014.??.??"]
[Source "Sylvain Rivier"]
[SourceDate "2014.07.26"]

1. e4 g6 2. d4 b6 3. Nf3 Bb7 4. Nc3 Na6 5. Bc4 e6 6. Bf4 Bg7 7. d5 Bxc3+ 8.
bxc3 Nc5 9. Be5 f6 10. Bd4 Nxe4 11. dxe6 c5 12. exd7+ Kf8 13. Be3 Kg7 14. Nh4
f5 15. Bd5 Bxd5 16. Qxd5 Ngf6 17. Qc6 Qxd7 18. Qxd7+ Nxd7 19. Rd1 Ndf6 20. Bf4
Rhe8 21. O-O Nxc3 22. Rd6 Ne2+ 23. Kh1 Nxf4 24. Rfd1 N4d5 25. h3 Re5 26. Rd3
Rae8 27. Rg3 Ne4 28. Rd7+ R8e7 29. Rxe7+ Nxe7 30. f4 Nxg3+ 31. Kh2 Nf1+ 32. Kg1
Re1 33. Kf2 Ra1 34. g4 Nd2 35. gxf5 Rxa2 36. fxg6 Rxc2 37. gxh7 a5 38. f5 Ne4+
39. Kf3 Nf6 40. h8=Q+ Kxh8 41. Ng6+ Kg7 42. Nxe7 a4 43. Nc6 a3 44. Kf4 a2 45.
h4 a1=Q 46. Kg5 Qc1# 0-1

[Event "22ème Open de Saint-Affrique"]
[Site "Saint Affrique (12)"]
[Date "2014.07.21"]
[Round "4.61"]
[White "Combes, Angelino"]
[Black "Gachon, Maxence"]
[Result "1-0"]
[WhiteElo "1318"]
[BlackElo "1442"]
[PlyCount "99"]
[EventDate "2014.??.??"]
[Source "Sylvain Rivier"]
[SourceDate "2014.07.26"]

1. e4 e6 2. d4 d5 3. e5 c5 4. c3 Nc6 5. Be3 Qb6 6. Qb3 Qxb3 7. axb3 cxd4 8.
cxd4 Nb4 9. Na3 Ne7 10. Bd2 Nf5 11. Nf3 Nc6 12. Bb5 a6 13. Bxc6+ bxc6 14. Nc2
Rb8 15. b4 f6 16. O-O fxe5 17. Nxe5 Rb6 18. Bc3 Bd6 19. Rfe1 Bxe5 20. Rxe5 Nd6
21. Ne3 Nb5 22. Rd1 Nxc3 23. bxc3 O-O 24. Ra1 Rf6 25. Ng4 Rf7 26. Ree1 Ra7 27.
Ra5 Kf7 28. Ne5+ Ke7 29. Re3 Kd6 30. Rf3 Rb5 31. Rf7 Rxa5 32. bxa5 Rxf7 33.
Nxf7+ Ke7 34. Ne5 Bd7 35. Kf1 Kd6 36. Nf7+ Kc7 37. Ke2 Be8 38. Ng5 Kd6 39. Nxh7
Bg6 40. Ng5 e5 41. Ke3 e4 42. f3 exf3 43. Kxf3 c5 44. Ke3 c4 45. Nf3 Be4 46. g4
Bxf3 47. Kxf3 Ke6 48. Kf4 Kf6 49. h4 g6 50. h5 1-0

[Event "22ème Open de Saint-Affrique"]
[Site "Saint Affrique (12)"]
[Date "2014.07.21"]
[Round "4.62"]
[White "Meyer, Bernard"]
[Black "Gachon, Valentin"]
[Result "0-1"]
[WhiteElo "1397"]
[BlackElo "1301"]
[PlyCount "104"]
[EventDate "2014.??.??"]
[Source "Sylvain Rivier"]
[SourceDate "2014.07.26"]

1. d4 d5 2. c4 e6 3. Nf3 c5 4. e3 Nf6 5. Nc3 Nc6 6. cxd5 exd5 7. Bb5 Qc7 8. Qa4
Bd7 9. Ne5 Nxe5 10. dxe5 Qxe5 11. Bxd7+ Nxd7 12. O-O Bd6 13. g3 a6 14. Bd2 b5
15. Qd1 O-O 16. Re1 b4 17. Na4 Nf6 18. b3 c4 19. bxc4 dxc4 20. e4 Qb5 21. f4
Bc5+ 22. Nxc5 Qxc5+ 23. Kh1 Rfd8 24. Qe2 Rd4 25. Be3 Re8 26. Bxd4 Qxd4 27. e5
Nd5 28. Rad1 Qc5 29. Qe4 Nc3 30. Qd4 Qc6+ 31. Kg1 Nxd1 32. Rxd1 h6 33. g4 Rc8
34. f5 Qc5 35. e6 Qxd4+ 36. Rxd4 fxe6 37. fxe6 Kf8 38. Re4 c3 39. Re1 c2 40.
Rc1 Ke7 41. Kf1 Kxe6 42. Ke2 Ke5 43. h4 Rc4 44. g5 h5 45. Kd3 Rc3+ 46. Kd2 Kf4
47. Rg1 c1=Q+ 48. Rxc1 Rxc1 49. Kxc1 Kg4 50. Kd2 Kxh4 51. g6 Kg3 52. Ke3 h4 0-1

[Event "22ème Open de Saint-Affrique"]
[Site "Saint Affrique (12)"]
[Date "2014.07.21"]
[Round "4.63"]
[White "Audigier, Robert"]
[Black "Jackson, Sue"]
[Result "1/2-1/2"]
[WhiteElo "1298"]
[BlackElo "1230"]
[PlyCount "70"]
[EventDate "2014.??.??"]
[Source "Sylvain Rivier"]
[SourceDate "2014.07.26"]

1. d4 Nf6 2. c4 g6 3. Nf3 d6 4. Nc3 Bg7 5. e3 a6 6. Be2 Bf5 7. O-O Nbd7 8. Nh4
e6 9. Nxf5 gxf5 10. Bf3 Rb8 11. e4 Nxe4 12. Nxe4 fxe4 13. Bxe4 Bf6 14. Re1 Bg5
15. Be3 Bxe3 16. Rxe3 Nf6 17. Bf3 Rg8 18. h3 h5 19. Bxh5 Nxh5 20. Qxh5 Rg5 21.
Qh8+ Kd7 22. Qxd8+ Rxd8 23. Rf3 Ke7 24. a4 d5 25. c5 c6 26. a5 Rdg8 27. Raa3
Rxg2+ 28. Kf1 Rg1+ 29. Ke2 R1g7 30. Rab3 Rb8 31. Rg3 Rxg3 32. fxg3 f6 33. g4 e5
34. Ke3 e4 35. Kf4 Kd7 1/2-1/2

[Event "22ème Open de Saint-Affrique"]
[Site "Saint Affrique (12)"]
[Date "2014.07.21"]
[Round "4.64"]
[White "Bernard, Elodie"]
[Black "Raynal, Etienne"]
[Result "0-1"]
[WhiteElo "1113"]
[BlackElo "1286"]
[PlyCount "29"]
[EventDate "2014.??.??"]
[Source "Sylvain Rivier"]
[SourceDate "2014.07.26"]

1. e4 e5 2. Nf3 Nc6 3. Bc4 Nf6 4. Ng5 d5 5. exd5 Nxd5 6. Nxf7 Kxf7 7. Qf3+ Qf6
8. Bxd5+ Ke8 9. Bxc6+ bxc6 10. Qe4 Bc5 11. O-O Bf5 12. Qc4 Bb6 13. d3 Qh4 14.
Be3 Rd8 15. Nc3 {suite illisible} 0-1

[Event "22ème Open de Saint-Affrique"]
[Site "Saint Affrique (12)"]
[Date "2014.07.21"]
[Round "4.65"]
[White "Raynal, Hortense"]
[Black "Roubaud, Brennan"]
[Result "0-1"]
[WhiteElo "1050"]
[BlackElo "1282"]
[PlyCount "54"]
[EventDate "2014.??.??"]
[Source "Sylvain Rivier"]
[SourceDate "2014.07.26"]

1. e4 e6 2. d4 d5 3. e5 c5 4. Nf3 Nc6 5. dxc5 Bxc5 6. Bg5 Be7 7. Bf4 Qa5+ 8.
Nc3 Bb4 9. Bd2 d4 10. Nb5 a6 11. Nd6+ Ke7 12. Nxc8+ Rxc8 13. Bc4 Bxd2+ 14. Nxd2
Nxe5 15. O-O Nxc4 16. Ne4 Nxb2 17. Qg4 g6 18. Qh4+ g5 19. Nxg5 Nf6 20. Ne4 Qf5
21. Rae1 Rhg8 22. g3 Rg4 23. Qh3 Nxe4 24. f3 Ng5 25. Qh5 Nxf3+ 26. Rxf3 Qxh5
27. Rb1 Rxc2 {suite illisible} 0-1

[Event "22ème Open de Saint-Affrique"]
[Site "Saint Affrique (12)"]
[Date "2014.07.21"]
[Round "4.66"]
[White "Coquelle, Addison"]
[Black "Combelle, Xavier"]
[Result "0-1"]
[WhiteElo "1009"]
[BlackElo "1270"]
[PlyCount "42"]
[EventDate "2014.??.??"]
[Source "Sylvain Rivier"]
[SourceDate "2014.07.26"]

1. e4 d5 2. Nc3 d4 3. Nb5 e5 4. c3 a6 5. Na3 Nf6 6. d3 Nc6 7. Nf3 Be7 8. g3 O-O
9. Bg2 Bg4 10. cxd4 Nxd4 11. Bg5 Bb4+ 12. Kf1 b5 13. Qc1 Nxf3 14. Bxf3 Bxf3 15.
Nc2 Qxd3+ 16. Kg1 Qxe4 17. a3 Bc5 18. b4 Ba7 19. Bxf6 Bxf2+ 20. Kxf2 Qe2+ 21.
Kg1 Qg2# 0-1

[Event "22ème Open de Saint-Affrique"]
[Site "Saint Affrique (12)"]
[Date "2014.07.21"]
[Round "4.67"]
[White "Bois D'Enghien, Noumea"]
[Black "Daures, Florian"]
[Result "1/2-1/2"]
[WhiteElo "1240"]
[BlackElo "1160"]
[PlyCount "74"]
[EventDate "2014.??.??"]
[Source "Sylvain Rivier"]
[SourceDate "2014.07.26"]

1. e4 e5 2. d4 Nf6 3. Bd3 exd4 4. c3 d5 5. e5 Bg4 6. Nf3 Bxf3 7. Qxf3 Ne4 8.
Bxe4 dxe4 9. Qxe4 d3 10. O-O Nc6 11. Rd1 Qe7 12. Bf4 O-O-O 13. Nd2 Qe6 14. Nf3
Bd6 15. Rxd3 f6 16. Rad1 Bxe5 17. Bxe5 fxe5 18. Rxd8+ Rxd8 19. Rxd8+ Kxd8 20.
h3 g6 21. Qh4+ Kc8 22. Qxh7 Qxa2 23. Qxg6 b6 24. Qe8+ Kb7 25. Nxe5 Nxe5 26.
Qxe5 Qxb2 27. g4 a5 28. Qe4+ Ka7 29. Qc6 Qb1+ 30. Kh2 Kb8 31. g5 Qa2 32. g6
Qxf2+ 33. Qg2 Qf4+ 34. Qg3 Qd2+ 35. Kh1 Qd1+ 36. Qg1 Qf3+ 37. Qg2 Qd1+ 1/2-1/2

[Event "22ème Open de Saint-Affrique"]
[Site "Saint Affrique (12)"]
[Date "2014.07.21"]
[Round "4.68"]
[White "Flear, James C"]
[Black "Salvador, Thomas"]
[Result "0-1"]
[WhiteElo "1227"]
[BlackElo "1110"]
[PlyCount "74"]
[EventDate "2014.??.??"]
[Source "Sylvain Rivier"]
[SourceDate "2014.07.26"]

1. c4 e5 2. Nc3 Nf6 3. g3 d5 4. d4 e4 5. Bg5 Be6 6. Bg2 c6 7. c5 Be7 8. e3 O-O
9. f3 exf3 10. Nxf3 h6 11. Bf4 b6 12. O-O Qd7 13. Ne5 Qc8 14. Nd3 Bh3 15. Nf2
Bxg2 16. Kxg2 bxc5 17. e4 dxe4 18. Nfxe4 Nxe4 19. Nxe4 cxd4 20. Qxd4 Bf6 21.
Nxf6+ gxf6 22. Qxf6 Nd7 23. Qxh6 Re8 24. Rfe1 Rb8 25. Bxb8 Qxb8 26. Re3 Qxb2+
27. Kh3 Rxe3 28. Qxe3 Qxa1 29. Qe8+ Nf8 30. Qxc6 Qxa2 31. Qc8 a5 32. g4 Qb3+
33. Kh4 a4 34. Qc5 a3 35. Qg5+ Ng6+ 36. Kh5 Qh3+ 37. Qh4 Qxh4# 0-1

[Event "22ème Open de Saint-Affrique"]
[Site "Saint Affrique (12)"]
[Date "2014.07.21"]
[Round "4.69"]
[White "Raynal, Judith"]
[Black "Van Den Brande, Norman"]
[Result "0-1"]
[WhiteElo "1009"]
[BlackElo "1210"]
[PlyCount "46"]
[EventDate "2014.??.??"]
[Source "Sylvain Rivier"]
[SourceDate "2014.07.26"]

1. Nc3 e5 2. Nh3 d5 3. d4 Nc6 4. e4 exd4 5. exd5 Bxh3 6. Qd2 dxc3 7. bxc3 Qe7+
8. Qe2 Qxe2+ 9. Bxe2 Bxg2 10. Rg1 Bxd5 11. Rg2 Bxg2 12. Bd2 Nf6 13. c4 Bb4 14.
Bxb4 Nxb4 15. a4 Nxc2+ 16. Kd2 Nxa1 17. Bd1 O-O-O+ 18. Ke1 Rhe8+ 19. Be2 Bf3
20. Kf1 Bxe2+ 21. Kg1 Rd1+ 22. Kg2 Bf1+ 23. Kh1 Bh3# 0-1

[Event "22ème Open de Saint-Affrique"]
[Site "Saint Affrique (12)"]
[Date "2014.07.21"]
[Round "4.70"]
[White "Boyd, Emilie"]
[Black "Raynal, Bertille"]
[Result "1-0"]
[WhiteElo "1192"]
[BlackElo "1090"]
[PlyCount "57"]
[EventDate "2014.??.??"]
[Source "Sylvain Rivier"]
[SourceDate "2014.07.26"]

1. e4 e5 2. Nf3 Nc6 3. Bc4 Bb4 4. a3 Nf6 5. axb4 O-O 6. Nc3 d6 7. O-O Bg4 8. d3
a6 9. Be3 Qe8 10. Nd5 Nxd5 11. Bxd5 h6 12. c3 a5 13. b5 Nb8 14. Bxb7 Ra7 15.
Bd5 c5 16. b4 Nd7 17. bxa5 Qb8 18. b6 Ra6 19. h3 Bh5 20. g4 Bg6 21. Nh4 Re8 22.
Nxg6 Kh7 23. Qf3 fxg6 24. Qf7 Rd8 25. Be6 Qb7 26. Bd5 Qc8 27. f4 h5 28. f5 g5
29. Qxh5# 1-0

[Event "22ème Open de Saint-Affrique"]
[Site "Saint Affrique (12)"]
[Date "2014.07.21"]
[Round "3.42"]
[White "Lecoultre, Patrick"]
[Black "Fosse, Jean-Claude"]
[Result "1-0"]
[WhiteElo "1702"]
[BlackElo "1465"]
[PlyCount "119"]
[EventDate "2014.??.??"]
[Source "Sylvain Rivier"]
[SourceDate "2014.07.26"]

1. d4 Nf6 2. Nf3 c5 3. d5 g6 4. Nc3 Bg7 5. e4 d6 6. Be2 Nbd7 7. O-O O-O 8. Bf4
Ng4 9. Nd2 Nge5 10. Nc4 Nxc4 11. Bxc4 Nb6 12. Be2 a6 13. Qd2 Nd7 14. a4 Ne5 15.
h3 Qc7 16. Rfe1 c4 17. a5 Bd7 18. Bh6 b5 19. Bxg7 Kxg7 20. f4 b4 21. Nd1 c3 22.
Qd4 cxb2 23. Nxb2 Qc3 24. Qxc3 bxc3 25. Na4 Bxa4 26. Rxa4 Nd7 27. Rb1 Nc5 28.
Rc4 Rfb8 29. Rcb4 Rxb4 30. Rxb4 Ra7 31. Kf2 Rb7 32. Rxb7 Nxb7 33. Bxa6 Nxa5 34.
Ke3 e6 35. Kd3 Kf6 36. g4 exd5 37. exd5 g5 38. fxg5+ Ke5 39. Kxc3 Kxd5 40. Bd3
Nc6 41. Bxh7 Ne5 42. Bf5 Kc5 43. h4 Nf3 44. h5 Nxg5 45. h6 f6 46. Kd3 Nf7 47.
h7 Kd5 48. Ke3 Ke5 49. Bg6 Nh8 50. Bf5 Nf7 51. Bd7 Nh8 52. c4 Nf7 53. Be8 Nh8
54. Kf3 Ke6 55. Kf4 Ke7 56. Bc6 Kf7 57. Kf5 Kg7 58. Be8 Kf8 59. Bh5 Ke7 60. Bg6
1-0

[Event "22ème Open de Saint-Affrique"]
[Site "Saint Affrique (12)"]
[Date "2014.07.22"]
[Round "5.1"]
[White "Degraeve, Jean-Marc"]
[Black "Karpatchev, Aleksandr"]
[Result "1/2-1/2"]
[WhiteElo "2579"]
[BlackElo "2442"]
[PlyCount "48"]
[EventDate "2014.??.??"]
[Source "Sylvain Rivier"]
[SourceDate "2014.07.26"]

1. e4 e5 2. Nf3 Nc6 3. Bc4 Bc5 4. c3 Nf6 5. d3 a6 6. Nbd2 Ba7 7. O-O h6 8. Re1
d6 9. Bb3 Ne7 10. Nf1 Ng6 11. Ng3 O-O 12. h3 b5 13. d4 Bb7 14. Bc2 c5 15. d5 c4
16. Nh2 Bc8 17. Qf3 Nh4 18. Qe2 Ng6 19. Rd1 Re8 20. b3 Qc7 21. bxc4 Nf4 22. Qf1
bxc4 23. Nf3 Bd7 24. Ne1 Rab8 1/2-1/2

[Event "22ème Open de Saint-Affrique"]
[Site "Saint Affrique (12)"]
[Date "2014.07.22"]
[Round "5.2"]
[White "Petrossian, Armen"]
[Black "Libiszewski, Fabien"]
[Result "0-1"]
[WhiteElo "2380"]
[BlackElo "2523"]
[PlyCount "84"]
[EventDate "2014.??.??"]
[Source "Sylvain Rivier"]
[SourceDate "2014.07.26"]

1. e4 d6 2. d4 Nf6 3. Nc3 g6 4. Nf3 Bg7 5. Be2 O-O 6. O-O Bg4 7. h3 Bxf3 8.
Bxf3 Nc6 9. Ne2 e5 10. d5 Ne7 11. g4 c6 12. c4 b5 13. g5 Ne8 14. dxc6 bxc4 15.
Qa4 Rc8 16. Qxc4 Nxc6 17. Qa4 f6 18. Bd2 Qd7 19. gxf6 Nxf6 20. Qb3+ Kh8 21. Kh2
Rb8 22. Qa3 d5 23. exd5 e4 24. dxc6 Qxd2 25. c7 Rbc8 26. Rad1 Qg5 27. Bg2 Rxc7
28. Qe3 Qa5 29. b4 Qxb4 30. Ng3 Re7 31. Kg1 Qa5 32. Rfe1 Qxa2 33. Nxe4 Nd5 34.
Qc5 Re5 35. Rd2 Qxd2 36. Nxd2 Rxe1+ 37. Bf1 Nf4 38. Kh2 Ne6 39. Qe7 Rxf2+ 40.
Kg3 Rxd2 41. Qe8+ Bf8 42. Bc4 Re3+ 0-1